Biblioteca

Vidas de santos (Registro nro. 69224)

Detalles MARC
000 -LÍDER
Campo fijo de descripción fija 01201aam a2200337 i 4500
001 - NÚMERO DE CONTROL
Campo de control 768714001
003 - IDENTIFICADOR DEL NÚMERO DE CONTROL
Campo de control CO-MdFUSB
005 - FECHA Y HORA DE LA ULTIMA TRANSACCIÓN
control field 20240209142223.0
007 - CAMPO FIJO DE DESCRIPCIÓN FIJA--INFORMACIÓN GENERAL
Campo fijo de descripción fija ta
008 - ELEMENTOS DE LONGITUD FIJA -- INFORMACIÓN GENERAL
Campo fijo de descripción fija -- Información general 231030t19932005spa||||g |||| 00| 0 spa d
020 ## - NÚMERO INTERNACIONAL NORMALIZADO PARA LIBROS
Número Internacional Normalizado del libro 8439710488
040 ## - FUENTE DE CATALOGACIÓN
Agencia de catalogación original CO-MdFUSB
Idioma de catalogación spa
Agencia que realiza la transcripción CO-MdFUSB
Agencia que realiza la modificación CO-MdFUSBC
Convenciones de la descripción rda
041 ## - CÓDIGO DE IDIOMA
Código de idioma para texto/pista de sonido o título separado spa
082 ## - NÚMERO DE CLASIFICACIÓN DECIMAL DEWEY
Número de la edición del Dewey 23
Número de clasificación 863.6
Clave de autor-Numero de item F884
100 ## - ASIENTO PRINCIPAL--NOMBRE PERSONAL
Nombre personal Fresán, Rodrigo,
Término relacionador autor
245 ## - TÍTULO
Título del Material Vidas de santos
Mención de responsabilidad, etc. / Rodrigo Fresán
250 ## - MENCIÓN DE EDICIÓN
Mención de edición Primera edición
264 #1 - PRODUCCIÓN, PUBLICACIÓN, DISTRIBUCIÓN, MANUFACTURA, Y COPYRIGHT
Lugar de producción, publicación, distribución, manufactura Barcelona, España :
Nombre del productor, publicador, distribuidor Mondadori,
Fecha de producción, publicación, distribución, manufactura, o copyright [1993]
264 #4 - PRODUCCIÓN, PUBLICACIÓN, DISTRIBUCIÓN, MANUFACTURA, Y COPYRIGHT
Fecha de producción, publicación, distribución, manufactura, o copyright ©2005
300 ## - DESCRIPCIÓN FÍSICA
Extensión 303 páginas
Dimensiones ; 24 cm
336 ## - TIPO DE CONTENIDO
Fuente rdacontent
Término de tipo de contenido texto
Código de tipo de contenido txt
337 ## - TIPO DE MEDIO
Fuente rdamedia
Nombre del tipo de medio sin mediación
Código del tipo de medio n
338 ## - TIPO DE SOPORTE
Fuente rdacarrier
Nombre del tipo de soporte volumen
Código Tipo de soporte nc
490 ## - MENCIÓN DE SERIE
Mención de serie Literatura Mondadori.
504 ## - NOTA DE BIBLIOGRAFÍA, ETC.
Nota de bibliografía, etc incluye índice
505 ## - NOTA DE CONTENIDO
Nota de contenido con formato preestablecido Algunas postales desde el vaticano -- El descenso a los cielos -- El pánico de la huida considerada -- Música para destruir mundos -- La quietud del purgatorio -- El ascenso a los infiernos -- La memoria de todas las cosas -- La última serie -- El espíritu santo -- Pequeña guía de canciones tristes.
563 ## - NOTA DE ENCUADERNACIÓN
Nota de encuadernación Rústico.
653 ## - TÉRMINO DE INDIZACIÓN - NO CONTROLADO
Término no controlado Literatura Argentina
942 ## - TIPO DE MATERIAL (KOHA)
Tipo de Item KOHA Libros General
945 ## - INFORMACIÓN LOCAL DEL REGISTRO
Catalogador sor1564
Existencias
Estado de Material Estado de Perdido Forma de Clasificación Estado de Dañado No para Préstamo Colección Biblioteca de Origen Biblioteca Permanente Fecha de Adquisición Área Total de Préstamos Signatura Topográfica Código de Barras Última vez visto Ejemplar/Existencia Fecha de Remplazo Tipo de Material
    Dewey Decimal Classification     Colección General Biblioteca FUSBC Biblioteca FUSBC 30/10/2023 LITERATURA   G 863.6 F884v 22349 30/10/2023 Ej. 1 30/10/2023 Libros General

Biblioteca FUSBC | Teléfono: (57+4) 349 88 10 Ext. 141| WhatsApp (+57) 3005338115 
E-mail: biblioteca@unisbc.edu.co | Calle 76 87-14 Robledo Palenque, Medellín, Colombia

Con tecnología Koha